| 000 | 00932nam a2200229Ia 4500 | ||
|---|---|---|---|
| 008 | 100315s9999 xx 000 0 und d | ||
| 020 | _a81-7194-110-9 | ||
| 082 |
_b2953 _a343.04 |
||
| 100 | _a"Singhania, Vinod K. " | ||
| 245 | _a"TAXMANN'S DIRECT TAXES LAW AND PRACTICE,1995-96: COVERING INCOME TAX,WEALTH TAX AND GIFT TAX" | ||
| 250 | _a15th | ||
| 260 |
_aNew Delhi _bTaxmann _c0 |
||
| 300 | _a"XXIV,1138p. " | ||
| 365 |
_eRupees _d1 _b225.00 |
||
| 366 | _f0 | ||
| 505 | _gTushar Jadhav | ||
| 530 | _b- | ||
| 620 | _a"Residential Status & Tax Incidence, Receipt of Income,Income Exempt from Tax, Salaries, Income from house Property, Capital Gains " | ||
| 630 | _a"TAXMANN'S DIRECT TAXES LAW AND PRACTICE,1995-96: COVERING INCOME TAX,WEALTH TAX AND GIFT TAX" | ||
| 730 | _a"TAXMANN'S DIRECT TAXES LAW AND PRACTICE,1995-96: COVERING INCOME TAX,WEALTH TAX AND GIFT TAX" | ||
| 942 | _cBOOK | ||
| 999 |
_c477688 _d477685 |
||